[Event "XXV Festival A"]
[Site "Porto San Giorgio ITA"]
[Date "2014.08.24"]
[Round "3"]
[White "Aleksic, Nenad"]
[Black "Marsili, Riccardo"]
[WhiteElo "2348"]
[BlackElo "2136"]
[Result "1/2-1/2"]
[PlyCount "61"]
[EventDate "2014.08.22"]

1. e4 c5 2. Nf3 Nc6 3. d4 cxd4 4. Nxd4 g6 5. Nc3 Bg7 6. Be3 Nf6 7. Bc4 O-O 8.
O-O d6 9. h3 Bd7 10. Re1 Ne5 11. Bb3 Rc8 12. Bg5 Nc4 13. Bxc4 Rxc4 14. Qd3 Rc5
15. Qd2 Qb6 16. Nb3 Re5 17. Bxf6 exf6 18. Rad1 Rfe8 19. Qxd6 Qxd6 20. Rxd6 Bc6
21. Nd4 Bxe4 22. Rxe4 Rxe4 23. Nxe4 Rxe4 24. Rd8+ Bf8 25. Kf1 Kg7 26. Rd7 f5
27. c3 Re7 28. Rxe7 Bxe7 29. Ke2 Kf6 30. Kd3 g5 31. f3 1/2-1/2

[Event "XXV Festival A"]
[Site "Porto San Giorgio ITA"]
[Date "2014.08.24"]
[Round "3"]
[White "Bentivegna, Francesco"]
[Black "Fagnani, Alessandro"]
[WhiteElo "2302"]
[BlackElo "2113"]
[Result "1-0"]
[PlyCount "65"]
[EventDate "2014.08.22"]

1. e4 e5 2. Nf3 Nc6 3. d4 exd4 4. Bc4 Bc5 5. c3 Nf6 6. e5 d5 7. Bb5 Ne4 8. cxd4
Bb4+ 9. Bd2 Nxd2 10. Bxc6+ bxc6 11. Nbxd2 O-O 12. Rc1 f6 13. O-O Bg4 14. Rxc6
fxe5 15. dxe5 Bxd2 16. Qxd2 Bxf3 17. gxf3 Rxf3 18. Rxc7 d4 19. Rfc1 d3 20. e6
Qe8 21. Qg5 Qg6 22. Rc8+ Rxc8 23. Rxc8+ Rf8 24. Rxf8+ Kxf8 25. Qxg6 hxg6 26.
Kf1 Ke7 27. Ke1 Kxe6 28. Kd2 Kd5 29. Kxd3 a5 30. h4 Kc5 31. Kc3 a4 32. b4+ Kb5
33. a3 1-0

[Event "XXV Festival A"]
[Site "Porto San Giorgio ITA"]
[Date "2014.08.24"]
[Round "3"]
[White "Bonade', Massimo"]
[Black "Dragojlovic, Andjelko"]
[WhiteElo "2103"]
[BlackElo "2295"]
[Result "0-1"]
[PlyCount "122"]
[EventDate "2014.08.22"]

1. d4 g6 2. c4 Nf6 3. Nc3 Bg7 4. e4 O-O 5. Nf3 c6 6. Be2 d5 7. e5 Ne4 8. Qb3
Nxc3 9. bxc3 dxc4 10. Bxc4 b5 11. Be2 Be6 12. Qc2 Nd7 13. h4 Bf5 14. Qb3 h5 15.
Ng5 Nb6 16. Bf3 Nd5 17. O-O f6 18. exf6 exf6 19. Ne4 Re8 20. Nc5 Bg4 21. Bxg4
hxg4 22. a4 a6 23. c4 bxc4 24. Qxc4 a5 25. Bd2 f5 26. g3 Kh8 27. Rfe1 Qf6 28.
Rxe8+ Rxe8 29. Re1 Rxe1+ 30. Bxe1 f4 31. Qe2 fxg3 32. Ne6 Nf4 33. Nxf4 Qxf4 34.
Qe8+ Kh7 35. h5 Bxd4 36. Qxg6+ Kh8 37. Qe8+ Kg7 38. h6+ Kxh6 39. Qxc6+ Kh5 40.
Qe8+ Kh4 41. Qe7+ Kh5 42. Qe8+ Kg5 43. Qe7+ Kf5 44. Qf7+ Ke5 45. Qc7+ Ke4 46.
Qc2+ Kd5 47. Qb3+ Ke5 48. Qb8+ Kf5 49. Qf8+ Ke4 50. Qa8+ Kd3 51. Qa6+ Kc2 52.
Qe2+ Kc1 53. Qf1 Kb2 54. Qe2+ Ka3 55. Qd3+ Kxa4 56. Qc4+ Ka3 57. Qd3+ Kb2 58.
Qb5+ Kc1 59. Qc4+ Kd1 60. Qf1 g2 61. Qd3+ Kxe1 0-1

[Event "XXV Festival A"]
[Site "Porto San Giorgio ITA"]
[Date "2014.08.24"]
[Round "3"]
[White "Borgo, Giulio"]
[Black "Parrini, Daniele"]
[WhiteElo "2381"]
[BlackElo "2125"]
[Result "1/2-1/2"]
[PlyCount "85"]
[EventDate "2014.08.22"]

1. Nf3 Nf6 2. g3 g6 3. b3 Bg7 4. Bb2 O-O 5. Bg2 c5 6. c4 d6 7. O-O Nc6 8. d4
cxd4 9. Nxd4 Bd7 10. Nc2 Qa5 11. e4 Rfc8 12. a4 Bg4 13. Qe1 Qxe1 14. Rxe1 Ne5
15. Re3 Nfd7 16. Bc3 Nc5 17. Nd2 Be6 18. Nd4 Ng4 19. Rf3 Ne5 20. Re3 Ng4 21.
Ree1 a5 22. f3 Ne5 23. Re3 Bh6 24. f4 Nc6 25. Nxe6 Nxe6 26. Bh3 Rc7 27. Rf1
Ned4 28. Rd3 Ne2+ 29. Kf2 Nxc3 30. Rxc3 Bg7 31. Rf3 Nd4 32. Rd3 Nc2 33. Nf3 Nb4
34. Rdd1 Na6 35. Rfe1 Nc5 36. Re3 Rc6 37. Ke2 Rb6 38. Nd2 Rd8 39. Rf3 e6 40.
Bg2 f5 41. exf5 gxf5 42. h3 h5 43. Rb1 1/2-1/2

[Event "XXV Festival A"]
[Site "Porto San Giorgio ITA"]
[Date "2014.08.24"]
[Round "3"]
[White "Bruno, Fabio"]
[Black "Ramirez Garcia, Jorge Alberto"]
[WhiteElo "2428"]
[BlackElo "2265"]
[Result "1/2-1/2"]
[PlyCount "93"]
[EventDate "2014.08.22"]

1. Nf3 d5 2. b3 Bg4 3. Bb2 Nd7 4. e3 e6 5. d3 Ngf6 6. Nbd2 Be7 7. h3 Bxf3 8.
Qxf3 O-O 9. g4 Ne8 10. h4 c6 11. g5 a5 12. a3 b5 13. Bh3 Nc7 14. Ke2 f5 15.
gxf6 Bxf6 16. Bxf6 Qxf6 17. Rag1 Rf7 18. Qxf6 Rxf6 19. f4 d4 20. Ne4 Rh6 21.
exd4 Rf8 22. Rf1 Nf6 23. c4 a4 24. bxa4 bxc4 25. Nxf6+ Rhxf6 26. dxc4 Rxf4 27.
Rxf4 Rxf4 28. Ke3 e5 29. Rd1 Rxh4 30. Bg2 Kf8 31. Bxc6 exd4+ 32. Rxd4 Rh3+ 33.
Kd2 Ne6 34. Re4 Nc5 35. Re3 Nb3+ 36. Kd3 Rxe3+ 37. Kxe3 Ke7 38. Be4 h5 39. Bg6
h4 40. Kf4 Kd6 41. Kg4 Kc5 42. Kxh4 Na5 43. Bf7 Nxc4 44. Bxc4 Kxc4 45. Kg5 Kc5
46. Kg6 Kb6 47. Kxg7 1/2-1/2

[Event "XXV Festival A"]
[Site "Porto San Giorgio ITA"]
[Date "2014.08.24"]
[Round "3"]
[White "Drasko, Milan"]
[Black "Vezzosi, Paolo"]
[WhiteElo "2437"]
[BlackElo "2274"]
[Result "1-0"]
[PlyCount "111"]
[EventDate "2014.08.22"]

1. Nf3 d5 2. g3 c6 3. Bg2 Nf6 4. O-O Bf5 5. b3 e6 6. Bb2 Be7 7. d3 O-O 8. Nbd2
h6 9. c4 Nbd7 10. a3 a5 11. Qc2 Ne8 12. Rab1 Bf6 13. b4 axb4 14. axb4 Nd6 15.
Nd4 Bg6 16. c5 Bxd4 17. Bxd4 Nb5 18. Bb2 b6 19. Nb3 Bh5 20. cxb6 Qxb6 21. Ra1
Rxa1 22. Rxa1 Rc8 23. e4 Qb8 24. Rc1 Rc7 25. Na5 c5 26. exd5 exd5 27. Bxd5 cxb4
28. Nc6 Qb6 29. Qc4 Nc3 30. Bxc3 bxc3 31. Qxc3 Nf6 32. Bg2 Bg4 33. d4 Be6 34.
Qc5 Qxc5 35. dxc5 Nd7 36. Rc3 g5 37. Kf1 Kg7 38. Ke2 Kf6 39. f4 gxf4 40. gxf4
Bf5 41. Ke3 Rc8 42. Kd4 Nf8 43. Bd5 Be6 44. Be4 Ng6 45. Ke3 Bf5 46. Nd4 Bxe4
47. Kxe4 Re8+ 48. Kf3 Ne7 49. c6 Nd5 50. Rc5 Nc7 51. Rh5 Kg6 52. Ra5 Re1 53.
Ra7 Rf1+ 54. Kg3 Nd5 55. Rd7 Nxf4 56. c7 1-0

[Event "XXV Festival A"]
[Site "Porto San Giorgio ITA"]
[Date "2014.08.24"]
[Round "3"]
[White "Draskovic, Luka"]
[Black "Romanishin, Oleg M."]
[WhiteElo "2337"]
[BlackElo "2509"]
[Result "1-0"]
[PlyCount "81"]
[EventDate "2014.08.22"]

1. e4 e5 2. Nf3 Nc6 3. Bc4 Nf6 4. Ng5 d5 5. exd5 Na5 6. Bb5+ c6 7. dxc6 bxc6 8.
Bd3 Be7 9. O-O Nd5 10. Nf3 Nf4 11. Re1 Nxd3 12. cxd3 O-O 13. Nxe5 Bf6 14. Nc3
c5 15. b3 Re8 16. Nf3 Nc6 17. Rxe8+ Qxe8 18. Ba3 Ba6 19. Rc1 Bxd3 20. Nd5 Be5
21. Bxc5 Rd8 22. Ne7+ Nxe7 23. Nxe5 Nc8 24. Nxd3 Rxd3 25. Be3 Rd7 26. Qg4 Ne7
27. h4 Nd5 28. h5 Nxe3 29. dxe3 h6 30. Rd1 Rc7 31. Qd4 Qc6 32. a4 a6 33. Qd5
Qb6 34. a5 Qb7 35. b4 Qxd5 36. Rxd5 Rb7 37. Rd8+ Kh7 38. Rd4 Rb5 39. g4 f5 40.
gxf5 Rxf5 41. Rd6 1-0

[Event "XXV Festival A"]
[Site "Porto San Giorgio ITA"]
[Date "2014.08.24"]
[Round "3"]
[White "Mogranzini, Roberto"]
[Black "Albertini, Luca"]
[WhiteElo "2496"]
[BlackElo "2159"]
[Result "1-0"]
[PlyCount "333"]
[EventDate "2014.08.22"]

1. c4 b6 2. Nc3 Bb7 3. e4 e6 4. Nge2 Bb4 5. g3 f5 6. Bg2 Nf6 7. d3 O-O 8. O-O
fxe4 9. dxe4 Ng4 10. Nf4 Bxc3 11. Qxg4 Bd4 12. Qe2 c5 13. Nd3 e5 14. Bd2 Nc6
15. Kh1 d6 16. Rab1 a5 17. Bh3 Qe8 18. f3 Ba6 19. Ne1 Rb8 20. a4 Bc8 21. Bxc8
Rxc8 22. Kg2 Rc7 23. Nc2 Rcf7 24. Bc1 Qe6 25. Ra1 h6 26. h4 Qd7 27. Na3 Na7 28.
Nb1 Nc6 29. Nc3 Rb8 30. Nd5 Ne7 31. Nxe7+ Qxe7 32. Ra3 Qd7 33. h5 Re7 34. Rh1
Kh7 35. Rh4 Qe8 36. Kf1 Rbb7 37. Ke1 Rf7 38. g4 Qe7 39. Rh3 Qe6 40. Rb3 Qe8 41.
Rb5 Qf8 42. Kd1 Qc8 43. Rg3 Qe8 44. Kc2 Rfe7 45. Kb3 Re6 46. Ka3 Kg8 47. Rb3
Kf8 48. Bd2 Qf7 49. Rh3 Ke8 50. Qd1 Kd8 51. Rd3 Kc8 52. Qb3 Kb8 53. Qb5 Ka7 54.
Rb3 Qd7 55. Qxd7 Rxd7 56. Ka2 Rf6 57. Kb1 Rb7 58. Kc2 Rbf7 59. Kd1 Re6 60. Ke2
Ref6 61. Rh1 Ka6 62. g5 Re6 63. Bc1 Kb7 64. Rd3 Kc6 65. Rb3 Rf8 66. Rh3 hxg5
67. Bxg5 Ree8 68. Kf1 Rh8 69. Kg2 Rhf8 70. Kg3 Rf7 71. Rh1 Rh8 72. Kg4 Re8 73.
Rh2 Rh8 74. Rd3 Rhf8 75. Rh3 Re8 76. Rd2 Ref8 77. Rg3 Kc7 78. Rh2 Rg8 79. Kh3
Kc6 80. Bc1 Rgf8 81. Kg2 Re8 82. Rg6 Ree7 83. Rh3 Rd7 84. Rhg3 Rde7 85. Kf1 Kc7
86. Ke2 Kc6 87. b3 Kc7 88. Bg5 Rd7 89. Rg4 Bb2 90. Re6 Kc6 91. Re8 Kc7 92. Rg8
Kc6 93. Bd2 Kc7 94. Rg6 Bd4 95. Bg5 Kc6 96. Re6 Bg1 97. Rc8+ Rc7 98. Rb8 Bh2
99. Ree8 Bf4 100. Bd8 Rb7 101. Rc8+ Kd7 102. Bh4 Rc7 103. Rb8 Kc6 104. Kf1 Bh6
105. Kg2 Be3 106. Re6 Bh6 107. Rg6 Rf4 108. Bg3 Rf6 109. Rxf6 gxf6 110. Rh8 Bg7
111. Rh7 Bf8 112. Rh8 Bg7 113. Rg8 Bh6 114. Kh3 Rh7 115. Kg4 Kd7 116. Bh4 Ke6
117. Re8+ Kf7 118. Rb8 Ke6 119. Bg3 Rg7+ 120. Kh4 Bg5+ 121. Kh3 Bd2 122. Rh8
Kf7 123. Bh4 Bf4 124. Rb8 Rg1 125. Bf2 Rh1+ 126. Kg2 Rxh5 127. Rxb6 Rh2+ 128.
Kg1 Rh3 129. Kg2 Rh2+ 130. Kf1 Rh1+ 131. Ke2 Rh2 132. Kf1 Rh1+ 133. Kg2 Rh2+
134. Kg1 Rh3 135. Rxd6 Rxf3 136. Rb6 Be3 137. Bxe3 Rxe3 138. Rb5 Rxe4 139. Rxa5
Re3 140. Rb5 Ke7 141. Kf2 Rh3 142. a5 Kd7 143. a6 Rh2+ 144. Ke3 Ra2 145. Rb6 f5
146. Rf6 Kc7 147. Rxf5 Rxa6 148. Rf7+ Kc8 149. Ke4 Rh6 150. Kd5 Rh3 151. Kc6
Kb8 152. Rb7+ Ka8 153. Rb5 e4 154. Ra5+ Kb8 155. Rb5+ Ka8 156. Rxc5 Rxb3 157.
Re5 Rh3 158. Re6 Rh7 159. c5 Rh8 160. Kb6 Kb8 161. c6 Kc8 162. Rxe4 Kb8 163.
Rd4 Rg8 164. Rd7 Rh8 165. Rb7+ Ka8 166. Ra7+ Kb8 167. c7+ 1-0

[Event "XXV Festival A"]
[Site "Porto San Giorgio ITA"]
[Date "2014.08.24"]
[Round "3"]
[White "Moroni, Luca jr"]
[Black "Ljubisavljevic, Zivojin Z."]
[WhiteElo "2344"]
[BlackElo "2132"]
[Result "1-0"]
[PlyCount "69"]
[EventDate "2014.08.22"]

1. Nf3 g6 2. c4 Bg7 3. g3 e5 4. Nc3 f5 5. d3 h6 6. Bg2 Ne7 7. Rb1 O-O 8. O-O d6
9. Nd2 Nd7 10. b4 e4 11. Bb2 exd3 12. exd3 Ne5 13. Nf3 f4 14. Nxe5 dxe5 15. Nd5
Nf5 16. b5 Bd7 17. Nb4 Rb8 18. Re1 Nd4 19. Bxd4 exd4 20. Nd5 Qg5 21. Nxf4 Rxf4
22. gxf4 Qxf4 23. Qf3 Qxf3 24. Bxf3 Bf5 25. Be4 Bxe4 26. Rxe4 Kf7 27. a4 Bf6
28. Kg2 Rd8 29. Rbe1 a6 30. bxa6 b6 31. a5 bxa5 32. Ra1 Ra8 33. Rxa5 Ra7 34.
Re2 Bd8 35. Rb2 1-0

[Event "XXV Festival A"]
[Site "Porto San Giorgio ITA"]
[Date "2014.08.24"]
[Round "3"]
[White "Siclari, Giovanni"]
[Black "Naumkin, Igor"]
[WhiteElo "2144"]
[BlackElo "2448"]
[Result "1/2-1/2"]
[PlyCount "95"]
[EventDate "2014.08.22"]

1. Nf3 Nf6 2. c4 e6 3. Nc3 Bb4 4. Qc2 O-O 5. a3 Bxc3 6. Qxc3 d6 7. e3 b6 8. Be2
Bb7 9. b3 Nbd7 10. Bb2 Qe7 11. O-O Rae8 12. d3 e5 13. Nd2 Nc5 14. Rfe1 Ne6 15.
b4 Nd7 16. d4 exd4 17. exd4 Nf4 18. d5 Qg5 19. Bf1 Nf6 20. Qg3 Qh6 21. h4 Ng6
22. Bxf6 gxf6 23. Ne4 Kg7 24. Qc3 Nxh4 25. Re3 Re5 26. Rae1 Rfe8 27. Bd3 Bc8
28. g3 Nf5 29. Rf3 Qg6 30. Rf4 h5 31. Kg2 h4 32. Rh1 Rh8 33. Be2 hxg3 34. Rxh8
Kxh8 35. fxg3 Kg7 36. Kf2 Qh6 37. Kg1 Kf8 38. Bf1 Qg6 39. Bg2 Qh6 40. Qf3 Nd4
41. Qf2 Nf5 42. g4 Ne7 43. g5 Qh5 44. Rh4 Qd1+ 45. Kh2 Ng6 46. Qxf6 Nxh4 47.
Qh8+ Ke7 48. Qf6+ 1/2-1/2

[Event "XXV Festival A"]
[Site "Porto San Giorgio ITA"]
[Date "2014.08.25"]
[Round "4"]
[White "Carnicelli, Valerio"]
[Black "Corvi, Marco"]
[WhiteElo "2102"]
[BlackElo "2285"]
[Result "0-1"]
[PlyCount "94"]
[EventDate "2014.08.22"]

1. e4 g6 2. d4 c6 3. Nc3 Bg7 4. Be3 d5 5. Qd2 dxe4 6. Nxe4 Nd7 7. O-O-O Ngf6 8.
f3 h6 9. Nh3 Nxe4 10. fxe4 Nf6 11. Nf2 Ng4 12. Nxg4 Bxg4 13. Be2 Bxe2 14. Qxe2
Qa5 15. Kb1 O-O 16. Qd2 Qxd2 17. Rxd2 e6 18. Rhd1 f5 19. d5 exd5 20. exd5 Rfe8
21. Bf4 g5 22. Bc7 cxd5 23. Rxd5 Rac8 24. Bg3 f4 25. Bf2 Re2 26. R5d2 Rce8 27.
c3 a6 28. Kc2 Kf7 29. Rxe2 Rxe2+ 30. Rd2 Rxd2+ 31. Kxd2 Ke6 32. Kd3 Kf5 33. h3
h5 34. a4 Be5 35. b3 g4 36. hxg4+ Kxg4 37. c4 f3 38. gxf3+ Kxf3 39. Bh4 Bg3 40.
Bd8 h4 41. Bxh4 Bxh4 42. b4 Be1 43. b5 axb5 44. cxb5 b6 45. Kd4 Ke2 46. Kd5 Kd3
47. Kc6 Ba5 0-1

[Event "XXV Festival A"]
[Site "Porto San Giorgio ITA"]
[Date "2014.08.25"]
[Round "4"]
[White "Dragojlovic, Andjelko"]
[Black "Mogranzini, Roberto"]
[WhiteElo "2295"]
[BlackElo "2496"]
[Result "1/2-1/2"]
[PlyCount "82"]
[EventDate "2014.08.22"]

1. c4 Nf6 2. Nc3 g6 3. Nf3 Bg7 4. d4 O-O 5. e3 d6 6. Be2 Nbd7 7. b3 Re8 8. Bb2
e5 9. Qc2 exd4 10. Nxd4 Nc5 11. O-O c6 12. Rfd1 a5 13. a3 Qb6 14. Rab1 Ng4 15.
Na4 Nxa4 16. bxa4 Ne5 17. Bc3 Qc7 18. h3 Qe7 19. Qd2 Nd7 20. Nb3 Bxc3 21. Qxc3
Nb6 22. Qd4 Nxa4 23. Qxd6 Qxd6 24. Rxd6 Nc3 25. Rb2 a4 26. Nc5 Ra5 27. Nd7 Re7
28. Nb6 Be6 29. Bf3 Bf5 30. g4 Be4 31. Bxe4 Nxe4 32. Rd8+ Kg7 33. Kg2 Nc5 34.
Rbd2 Rc7 35. f4 Ra6 36. Nd7 Nxd7 37. R2xd7 Rxd7 38. Rxd7 Rb6 39. c5 Rb5 40. Kf3
Rxc5 41. Rxb7 Rc3 1/2-1/2

[Event "XXV Festival A"]
[Site "Porto San Giorgio ITA"]
[Date "2014.08.25"]
[Round "4"]
[White "Drasko, Milan"]
[Black "Draskovic, Luka"]
[WhiteElo "2437"]
[BlackElo "2337"]
[Result "1/2-1/2"]
[PlyCount "35"]
[EventDate "2014.08.22"]

1. d4 Nf6 2. c4 e6 3. Nf3 b6 4. g3 Bb7 5. Bg2 Be7 6. O-O O-O 7. Nc3 Ne4 8. Nxe4
Bxe4 9. Ne1 Bxg2 10. Nxg2 d5 11. cxd5 exd5 12. Qa4 Qd7 13. Qxd7 Nxd7 14. Bf4 c6
15. Rac1 Rac8 16. Rc2 Rfe8 17. Rfc1 c5 18. dxc5 1/2-1/2

[Event "XXV Festival A"]
[Site "Porto San Giorgio ITA"]
[Date "2014.08.25"]
[Round "4"]
[White "Naumkin, Igor"]
[Black "Marsili, Riccardo"]
[WhiteElo "2448"]
[BlackElo "2136"]
[Result "1-0"]
[PlyCount "47"]
[EventDate "2014.08.22"]

1. d4 Nf6 2. c4 e6 3. Nf3 b6 4. g3 Bb7 5. Bg2 g6 6. O-O Bg7 7. Nc3 Ne4 8. Nxe4
Bxe4 9. Bg5 Qc8 10. Qd2 h6 11. Be3 Nc6 12. d5 Ne7 13. Bd4 f6 14. Qe3 Bxf3 15.
Qxf3 e5 16. d6 Nc6 17. Bc3 O-O 18. Rad1 Rd8 19. h4 cxd6 20. Rxd6 Qc7 21. Rxf6
Kh7 22. h5 g5 23. Qf5+ Kh8 24. Be4 1-0

[Event "XXV Festival A"]
[Site "Porto San Giorgio ITA"]
[Date "2014.08.25"]
[Round "4"]
[White "Parrini, Daniele"]
[Black "Bentivegna, Francesco"]
[WhiteElo "2125"]
[BlackElo "2302"]
[Result "0-1"]
[PlyCount "44"]
[EventDate "2014.08.22"]

1. e4 e5 2. Nf3 Nc6 3. Bc4 Nf6 4. d3 d5 5. exd5 Nxd5 6. c3 Nb6 7. Bb3 Bf5 8.
Ng5 Bg6 9. O-O h6 10. Ne4 Qd7 11. a4 a5 12. Qe2 O-O-O 13. Bc2 f5 14. Ng3 h5 15.
f4 h4 16. Nh1 Re8 17. h3 Bc5+ 18. Nf2 exf4 19. Qf3 Bh5 20. Qxf4 g5 21. Qxg5
Reg8 22. Qf4 Qd5 0-1

[Event "XXV Festival A"]
[Site "Porto San Giorgio ITA"]
[Date "2014.08.25"]
[Round "4"]
[White "Ramirez Garcia, Jorge Alberto"]
[Black "Borgo, Giulio"]
[WhiteElo "2265"]
[BlackElo "2381"]
[Result "1/2-1/2"]
[PlyCount "38"]
[EventDate "2014.08.22"]

1. e4 e6 2. d4 d5 3. Nc3 Nf6 4. e5 Nfd7 5. f4 c5 6. Nf3 Nc6 7. Be3 cxd4 8. Nxd4
Qb6 9. Qd2 Qxb2 10. Rb1 Qa3 11. Bb5 Nxd4 12. Bxd4 a6 13. Bxd7+ Bxd7 14. Rb3 Qe7
15. Rxb7 Qd8 16. Bb6 Qc8 17. Rc7 Qd8 18. Rb7 Qc8 19. Rc7 Qd8 1/2-1/2

[Event "XXV Festival A"]
[Site "Porto San Giorgio ITA"]
[Date "2014.08.25"]
[Round "4"]
[White "Romanishin, Oleg M."]
[Black "Siclari, Giovanni"]
[WhiteElo "2509"]
[BlackElo "2144"]
[Result "1-0"]
[PlyCount "41"]
[EventDate "2014.08.22"]

1. d4 Nf6 2. Nf3 e6 3. g3 c5 4. Bg2 cxd4 5. Nxd4 a6 6. O-O Qc7 7. e4 d6 8. Qe2
Be7 9. c4 O-O 10. Nc3 Nbd7 11. Be3 Rb8 12. f4 b6 13. e5 dxe5 14. Nc6 Bd6 15.
Nxb8 Qxb8 16. Rad1 exf4 17. Bxf4 Bxf4 18. Rxf4 Bb7 19. Ne4 Bxe4 20. Bxe4 Qe5
21. Rxf6 1-0

[Event "XXV Festival A"]
[Site "Porto San Giorgio ITA"]
[Date "2014.08.25"]
[Round "4"]
[White "Rossi, Aldo A."]
[Black "Bruno, Fabio"]
[WhiteElo "2262"]
[BlackElo "2428"]
[Result "1/2-1/2"]
[PlyCount "78"]
[EventDate "2014.08.22"]

1. e4 e6 2. d4 d5 3. Nd2 a6 4. Ngf3 c5 5. c3 Nc6 6. Bd3 cxd4 7. cxd4 dxe4 8.
Nxe4 Be7 9. O-O Nf6 10. Be3 Nb4 11. Bb1 b6 12. a3 Nbd5 13. Ne5 h6 14. Nc6 Qc7
15. Nxe7 Qxe7 16. Qf3 Bb7 17. Qg3 Nxe3 18. Nxf6+ Qxf6 19. fxe3 Qg5 20. Qxg5
hxg5 21. Rc1 Kd7 22. Bd3 Rac8 23. Rxc8 Rxc8 24. Rf1 f6 25. Rf2 Kd6 26. Rc2 Re8
27. Kf2 e5 28. Bg6 Re7 29. Rd2 e4 30. Rc2 f5 31. Bh5 g4 32. h3 gxh3 33. gxh3
Ke6 34. h4 Kf6 35. Kg3 g6 36. Be2 a5 37. Bf1 Rh7 38. Bh3 Re7 39. Bf1 Rh7
1/2-1/2

[Event "XXV Festival A"]
[Site "Porto San Giorgio ITA"]
[Date "2014.08.25"]
[Round "4"]
[White "Zamengo, Fulvio"]
[Black "Moroni, Luca jr"]
[WhiteElo "2178"]
[BlackElo "2344"]
[Result "0-1"]
[PlyCount "88"]
[EventDate "2014.08.22"]

1. e4 e6 2. d4 d5 3. e5 c5 4. c3 Nc6 5. Nf3 Qb6 6. Bd3 cxd4 7. cxd4 Bd7 8. O-O
Nxd4 9. Nbd2 Bc5 10. Nxd4 Bxd4 11. Nf3 Ne7 12. Nxd4 Qxd4 13. Re1 b6 14. Be3
Qxb2 15. Qg4 Ng6 16. f4 Rc8 17. Reb1 Qa3 18. Rb3 Qa4 19. h4 O-O 20. h5 Nxe5 21.
Qg3 Nxd3 22. Rxd3 Qe4 23. Bd4 f6 24. Re1 Qf5 25. Qf3 Bb5 26. Rd2 g5 27. g4 Qxf4
28. Qxf4 gxf4 29. Rxe6 Bd7 30. Rxf6 Bxg4 31. Rd6 Bf3 32. Kf2 Be4 33. a4 Rf5 34.
h6 Rc1 35. Rf6 Rg5 36. Ke2 f3+ 37. Ke3 Rg6 38. Rxg6+ hxg6 39. Kf4 Kh7 40. Rb2
Rc4 41. Bf6 Rxa4 42. Kg5 Bf5 43. Bg7 Rg4+ 44. Kf6 Rg2 0-1

[Event "XXV Festival A"]
[Site "Porto San Giorgio ITA"]
[Date "2014.08.26"]
[Round "5"]
[White "Aleksic, Nenad"]
[Black "Ramirez Garcia, Jorge Alberto"]
[WhiteElo "2348"]
[BlackElo "2265"]
[Result "1/2-1/2"]
[PlyCount "46"]
[EventDate "2014.08.22"]

1. e4 e6 2. d4 d5 3. Nc3 Nf6 4. e5 Nfd7 5. Nf3 c5 6. dxc5 Nc6 7. Bf4 Bxc5 8.
Bd3 f6 9. exf6 Nxf6 10. O-O O-O 11. Ne5 g6 12. Qd2 Nh5 13. Nxc6 bxc6 14. Be5
Bd6 15. Rae1 Nf4 16. Qe3 Rb8 17. b3 Qg5 18. g3 Bxe5 19. Qxe5 Nh3+ 20. Kg2 Nf4+
21. Kg1 Nh3+ 22. Kg2 Nf4+ 23. Kg1 Nh3+ 1/2-1/2

[Event "XXV Festival A"]
[Site "Porto San Giorgio ITA"]
[Date "2014.08.26"]
[Round "5"]
[White "Bentivegna, Francesco"]
[Black "Drasko, Milan"]
[WhiteElo "2302"]
[BlackElo "2437"]
[Result "1/2-1/2"]
[PlyCount "30"]
[EventDate "2014.08.22"]

1. e4 e6 2. d4 d5 3. e5 c5 4. c3 Nc6 5. Nf3 Bd7 6. Bd3 cxd4 7. cxd4 Qb6 8. O-O
Nxd4 9. Nbd2 Ne7 10. Nxd4 Qxd4 11. Nf3 Qa4 12. b3 Qa5 13. Bd2 Qd8 14. b4 g6 15.
h4 Bg7 1/2-1/2

[Event "XXV Festival A"]
[Site "Porto San Giorgio ITA"]
[Date "2014.08.26"]
[Round "5"]
[White "Bonade', Massimo"]
[Black "Zamengo, Fulvio"]
[WhiteElo "2103"]
[BlackElo "2178"]
[Result "1-0"]
[PlyCount "126"]
[EventDate "2014.08.22"]

1. d4 Nf6 2. c4 g6 3. Nc3 d5 4. Bf4 Bg7 5. e3 c5 6. dxc5 Qa5 7. Rc1 dxc4 8.
Bxc4 Qxc5 9. Bb3 O-O 10. Nf3 Qa5 11. O-O Na6 12. Qe2 Nc5 13. Bc4 Be6 14. Rfd1
Bxc4 15. Qxc4 Ne6 16. Nd5 Nxd5 17. Rxd5 Qb6 18. b3 Nxf4 19. exf4 Rfd8 20. f5
Rxd5 21. Qxd5 Rd8 22. Qe4 Bf6 23. fxg6 hxg6 24. h3 Rd6 25. Qf4 Kg7 26. Qe4 Re6
27. Qd3 Qa5 28. Rc2 b5 29. g3 b4 30. Kg2 Bc3 31. h4 Rd6 32. Qe4 e6 33. Qf4 Qd5
34. Kh2 e5 35. Qe3 Rf6 36. Ng5 Qd4 37. Qe2 Rb6 38. Rc1 Rd6 39. Rc2 f5 40. Qb5
Qd5 41. Qxd5 Rxd5 42. Kg2 Kf6 43. Kf3 e4+ 44. Ke2 Ke5 45. Nh3 Rd6 46. Nf4 a5
47. Ng2 Rd8 48. Ne3 f4 49. Nc4+ Kf5 50. gxf4 Kxf4 51. Nxa5 Rh8 52. a3 Rxh4 53.
axb4 Bxb4 54. Nc6 Bd6 55. b4 Rh5 56. Rd2 Bc7 57. Rd7 Bb6 58. Rb7 Rb5 59. Ne7 g5
60. Rxb6 Rxb6 61. Nd5+ Ke5 62. Nxb6 Kd4 63. Nd7 Kd5 1-0

[Event "XXV Festival A"]
[Site "Porto San Giorgio ITA"]
[Date "2014.08.26"]
[Round "5"]
[White "Borgo, Giulio"]
[Black "Rossi, Aldo A."]
[WhiteElo "2381"]
[BlackElo "2262"]
[Result "1-0"]
[PlyCount "89"]
[EventDate "2014.08.22"]

1. e4 c5 2. Nf3 Nc6 3. Bb5 Nf6 4. Bxc6 dxc6 5. d3 Bg4 6. b3 Nd7 7. Bb2 f6 8. h3
Bxf3 9. Qxf3 e5 10. Nd2 Bd6 11. Qh5+ g6 12. Qh6 Qe7 13. g3 O-O-O 14. O-O-O Nf8
15. f4 exf4 16. gxf4 Ne6 17. Rhf1 Nd4 18. Rde1 Rhe8 19. Nf3 Qc7 20. Nxd4 cxd4
21. f5 Bf8 22. Qh4 g5 23. Qh5 Bb4 24. Rd1 Bc3 25. h4 Rg8 26. hxg5 Rxg5 27. Qe2
Qa5 28. Kb1 Rdg8 29. Bc1 Rg2 30. Rf2 Rg1 31. Rxg1 Rxg1 32. Rf1 Rxf1 33. Qxf1
Bd2 34. Bxd2 Qxd2 35. e5 fxe5 36. f6 Qb4 37. Qf5+ Kd8 38. Qxe5 Kd7 39. f7 Qf8
40. Qxd4+ Ke6 41. Qe4+ Kxf7 42. Qxh7+ Ke6 43. Qxb7 Qc5 44. Qg7 a5 45. Kb2 1-0

[Event "XXV Festival A"]
[Site "Porto San Giorgio ITA"]
[Date "2014.08.26"]
[Round "5"]
[White "Bruno, Fabio"]
[Black "Seyfried, Claus"]
[WhiteElo "2428"]
[BlackElo "2180"]
[Result "1-0"]
[PlyCount "61"]
[EventDate "2014.08.22"]

1. d4 d5 2. Nf3 Nf6 3. c4 e6 4. e3 Nbd7 5. Nbd2 c6 6. b3 Bd6 7. Bb2 Qc7 8. Bd3
O-O 9. O-O b6 10. Qe2 e5 11. cxd5 Nxd5 12. dxe5 Nxe5 13. Nxe5 Bxe5 14. Bxh7+
Kh8 15. Be4 f5 16. Qh5+ Kg8 17. Bxd5+ cxd5 18. Rac1 Qe7 19. Bxe5 Qxe5 20. Nf3
Qf6 21. Rfd1 Bb7 22. Ng5 Qh6 23. Qxh6 gxh6 24. Ne6 Rf7 25. g3 Re8 26. Nd4 Rc8
27. Rxc8+ Bxc8 28. Rc1 Bb7 29. Kg2 Ba6 30. Kf3 Kh7 31. Kf4 1-0

[Event "XXV Festival A"]
[Site "Porto San Giorgio ITA"]
[Date "2014.08.26"]
[Round "5"]
[White "Corvi, Marco"]
[Black "Naumkin, Igor"]
[WhiteElo "2285"]
[BlackElo "2448"]
[Result "1/2-1/2"]
[PlyCount "34"]
[EventDate "2014.08.22"]

1. c4 e5 2. Nc3 Nf6 3. Nf3 Nc6 4. g3 Bb4 5. Bg2 Bxc3 6. dxc3 h6 7. O-O O-O 8.
Ne1 e4 9. Nc2 Re8 10. Ne3 d6 11. Qc2 a5 12. a4 Qe7 13. Nd5 Nxd5 14. cxd5 Nb8
15. Be3 Bf5 16. Ra3 Nd7 17. c4 b6 1/2-1/2

[Event "XXV Festival A"]
[Site "Porto San Giorgio ITA"]
[Date "2014.08.26"]
[Round "5"]
[White "Dragojlovic, Andjelko"]
[Black "Romanishin, Oleg M."]
[WhiteElo "2295"]
[BlackElo "2509"]
[Result "1/2-1/2"]
[PlyCount "33"]
[EventDate "2014.08.22"]

1. e4 e5 2. Nc3 Nf6 3. g3 Bc5 4. Bg2 Nc6 5. Nge2 a5 6. h3 d6 7. d3 Nd4 8. Nxd4
Bxd4 9. O-O Be6 10. Nd5 Bxd5 11. exd5 h6 12. c3 Bb6 13. Kh2 O-O 14. f4 Re8 15.
Re1 Qd7 16. Qf3 Nh7 17. f5 1/2-1/2

[Event "XXV Festival A"]
[Site "Porto San Giorgio ITA"]
[Date "2014.08.26"]
[Round "5"]
[White "Godena, Michele"]
[Black "Parrini, Daniele"]
[WhiteElo "2513"]
[BlackElo "2125"]
[Result "1/2-1/2"]
[PlyCount "83"]
[EventDate "2014.08.22"]

1. e4 c5 2. Nf3 e6 3. c3 Nf6 4. e5 Nd5 5. Bc4 d6 6. d4 cxd4 7. cxd4 Be7 8. O-O
O-O 9. Qe2 b6 10. Rd1 Bb7 11. Bxd5 Bxd5 12. Nc3 Bxf3 13. Qxf3 Nd7 14. Bf4 d5
15. Qg4 f5 16. exf6 Rxf6 17. Rac1 Nf8 18. h3 Rxf4 19. Qxf4 Bg5 20. Qg4 Bxc1 21.
Rxc1 Rc8 22. Qf4 Qf6 23. Qe3 Rc4 24. Ne2 Qf5 25. Nc3 Qf6 26. Ne2 Qf5 27. Nc3
Qf6 28. Rd1 Qf5 29. Rd2 a6 30. Kh2 Ng6 31. g3 Ne7 32. Kg2 Qf6 33. Ne2 Nf5 34.
Qf4 Rc8 35. Rd3 g5 36. Qd2 Nd6 37. Nc3 b5 38. a3 Nc4 39. Qe2 Rf8 40. Nd1 Nd6
41. Ne3 h5 42. Nd1 1/2-1/2